000 00874cam a2200265 4500
008 000000n2004 000 0 eng u
020 _a0954587820
035 _a(Sirsi) u127509
050 _a333.33025
_c18
100 _aFreeman, Peter
245 _aProperty service providers
250 _a3rd ed.
260 _aLondon
_bFreeman Business Information plc
_c2004
300 _axiv,634p. ; 28cm.
350 _a150.00
520 _aDirectory of specialist service providers to the commercial property industry, listed by service sector. Also includes regional listings of service providers and Who's Who entries
650 _aDIRECTORIES
650 _aBIOGRAPHIES
650 _aPROPERTY COMPANIES
650 _aPROPERTY MARKET
650 _aSERVICE PROVIDERS
690 _aPROPERTY-COMMERCIAL PROPERTY
700 _aRuddock, Joanne
_xeditor
942 _n0
999 _c103798
_d103798